| 000 | 00917nam a22002297a 4500 | ||
|---|---|---|---|
| 005 | 20080613163833.0 | ||
| 008 | 080613t xxu||||| |||| 00| 0 eng d | ||
| 010 | _aENG-90290 | ||
| 020 |
_a8120335134 _c495.00 |
||
| 035 | _aEN-73823 | ||
| 037 | _bDBAD / PUB | ||
| 040 |
_aDPL _bEN |
||
| 082 | _a005.44 | ||
| 100 | _aMelber, Derek | ||
| 245 |
_aWindows group policy resource kit: _cby Derek Melber, Group policy MVP, with the window group policy team _bWindows Server 2008 and Windows Vista / |
||
| 260 |
_aNew Delhi _bPrentice Hall of India _c2008 |
||
| 270 |
_aM-97, Connaught Circus, _bNew Delhi _e110001 |
||
| 300 |
_axxiv,511p. _c24 cm (pbk) _eCD-ROM |
||
| 500 | _aIncludes index | ||
| 942 |
_cEN _h005.44 _2ddc _mMEL |
||
| 999 |
_c13651 _d13651 |
||